Jelšiny Cerovej vrchoviny (fytocenologická charakteristika)

Bibliographic Details
Main Author: Balázs, Pavol (Author)
Format: Article
Language:Slovak
PhysicalDescription:Tab.
ISBN:8088850061
Subjects:

MARC

LEADER 00000nab a2200000 a 4500
001 vtls000674062
003 SK-MaSNL
005 20260304093719.0
008 250425c1996 xo 0 slo
015 |a SNBRA1998/09-25196 
035 |a CLN000026238 
035 |a urn:nbn:sk:snk-ab2yl6 
035 |a (urnnbn)urn:nbn:sk:snk:ar-a0345d 
035 |a (uuid)822d8fdb-2a61-4fe6-82b7-a2df7c969611 
040 |a SNKBUCL  |b slo  |c SNKBUCL  |e AACR2 
041 0 |a slo 
044 |a xo  |c SK 
080 |a 582.632.1(437.6):581.55  |2 1997 
080 |a 581.55(437.6)  |2 1997 
100 1 |a Balázs, Pavol  |4 aut  |9 12681 
245 1 0 |a Jelšiny Cerovej vrchoviny  |b (fytocenologická charakteristika)  |c Pavol Balázs 
300 |b Tab. 
504 |a Res. angl. 
504 |a Bibliogr. odkazy 
650 0 7 |a jelšiny  |z Cerová vrchovina (Slovensko)  |2 snkbucl  |9 1389133 
651 7 |a Cerová vrchovina (Slovensko : pohorie)  |2 snkbucl  |9 15244 
655 7 |a články zo zborníkov  |2 snkbucl  |9 166140 
773 0 |t Ochrana prírody 14  |d Banská Bystrica : Slovenská agentúra životného prostredia - Centrum ochrany prírody a krajiny, 1996  |g S. 29-39  |z 8088850061 
850 |a Slovenská národná knižnica 
852 |a Slovenská národná knižnica 
954 |a odborná, vedecká literatúra pôvodná (slovenská)  |2 lita 
958 |a article27 
958 |a SK 
958 |a NB 
958 |a OND 
958 |a EUIPO 
992 |a RZB 
999 |c 2824309  |d 2826239